000
00274nam a2200097Ia 4500
082
_a
J 793.7 BARR
245
0
_a
Tricks & pranks to fool your friends
100
_a
BARRY, Sheila Anne New York, 2003
_9
94824
942
_c
BK
008
210817s9999 xx 000 0 und d
999
_c
389538
_d
389537